<?xml version="1.0" encoding="UTF-8"?>
<collection xmlns="http://www.loc.gov/MARC21/slim">
<record>
  <controlfield tag="001">127819</controlfield>
  <controlfield tag="005">20231006132951.0</controlfield>
  <datafield tag="024" ind1="8" ind2=" ">
    <subfield code="2">sideral</subfield>
    <subfield code="a">134680</subfield>
  </datafield>
  <datafield tag="037" ind1=" " ind2=" ">
    <subfield code="a">ART-2016-134680</subfield>
  </datafield>
  <datafield tag="041" ind1=" " ind2=" ">
    <subfield code="a">spa</subfield>
  </datafield>
  <datafield tag="100" ind1=" " ind2=" ">
    <subfield code="a">Ezquerro Ruíz, Lope</subfield>
    <subfield code="0">(orcid)0000-0003-0900-1440</subfield>
  </datafield>
  <datafield tag="245" ind1=" " ind2=" ">
    <subfield code="a">Mapa de asociaciones de facies Neógenas del sector norte de la Cuenca de Teruel</subfield>
  </datafield>
  <datafield tag="260" ind1=" " ind2=" ">
    <subfield code="c">2016</subfield>
  </datafield>
  <datafield tag="520" ind1="3" ind2=" ">
    <subfield code="a">El relleno sedimentario mioceno superior-cuaternario del sector norte de la Cuenca de Teruel se caracteriza por asociaciones de facies referibles a abanicos aluviales, medios lacustres, palustres y, menos frecuentes, eólicos y deltaicos. La cartografía de dichas asociaciones de facies y de las estructuras tectónicas muestra una configuración propia de cuencas extensionales asimétricas. Los abanicos aluviales, principalmente procedentes de los márgenes oriental y occidental de la cuenca, presentaban diferentes dimensiones, siendo de mayor extensión los del margen occidental, tectónicamente inactivo durante el depósito de la serie estudiada. Los abanicos aluviales conectaban con lagos poco profundos situados en áreas centrales pero más próximas al margen activo. El espacio de acomodación generado por fallas sinsedimentarias intracuencales favoreció la preservación de asociaciones de facies eólicas y deltaicas, poco frecuentes en este tipo de cuencas continentales.

The Upper Miocene-Quaternary sedimentary fill of the northern sector of the Teruel Basin is characterized by facies associations corresponding to alluvial fans, lakes and palustrine areas, as well as less common aeolian and deltaic environments. The map of facies associations corresponding to different sedimentary environments, and tectonic structures, reveals asymmetrical fill architecture. Alluvial fans were mainly sourced from the eastern (tectonically active) and western (passive) basin margins, connected downstream with shallow carbonate or evaporite lakes located in central basinal areas but closer to the active margin. The accommodation space created by synsedimentary intrabasinal faults enabled preservation of aeolian and deltaic associations, not very common in this type of basins.</subfield>
  </datafield>
  <datafield tag="506" ind1="0" ind2=" ">
    <subfield code="a">Access copy available to the general public</subfield>
    <subfield code="f">Unrestricted</subfield>
  </datafield>
  <datafield tag="540" ind1=" " ind2=" ">
    <subfield code="9">info:eu-repo/semantics/openAccess</subfield>
    <subfield code="a">All rights reserved</subfield>
    <subfield code="u">http://www.europeana.eu/rights/rr-f/</subfield>
  </datafield>
  <datafield tag="655" ind1=" " ind2="4">
    <subfield code="a">info:eu-repo/semantics/article</subfield>
    <subfield code="v">info:eu-repo/semantics/publishedVersion</subfield>
  </datafield>
  <datafield tag="700" ind1=" " ind2=" ">
    <subfield code="a">Luzón Aguado, María Aránzazu</subfield>
    <subfield code="u">Universidad de Zaragoza</subfield>
    <subfield code="0">(orcid)0000-0002-8929-9429</subfield>
  </datafield>
  <datafield tag="700" ind1=" " ind2=" ">
    <subfield code="a">Liesa Carrera, Carlos Luis</subfield>
    <subfield code="u">Universidad de Zaragoza</subfield>
    <subfield code="0">(orcid)0000-0002-9130-117X</subfield>
  </datafield>
  <datafield tag="700" ind1=" " ind2=" ">
    <subfield code="a">Simón Gómez, José Luis</subfield>
    <subfield code="u">Universidad de Zaragoza</subfield>
    <subfield code="0">(orcid)0000-0003-1412-5245</subfield>
  </datafield>
  <datafield tag="710" ind1="2" ind2=" ">
    <subfield code="1">2000</subfield>
    <subfield code="2">280</subfield>
    <subfield code="a">Universidad de Zaragoza</subfield>
    <subfield code="b">Dpto. Ciencias de la Tierra</subfield>
    <subfield code="c">Área Estratigrafía</subfield>
  </datafield>
  <datafield tag="710" ind1="2" ind2=" ">
    <subfield code="1">2000</subfield>
    <subfield code="2">428</subfield>
    <subfield code="a">Universidad de Zaragoza</subfield>
    <subfield code="b">Dpto. Ciencias de la Tierra</subfield>
    <subfield code="c">Área Geodinámica Interna</subfield>
  </datafield>
  <datafield tag="773" ind1=" " ind2=" ">
    <subfield code="g">26, 1 (2016), 133-136</subfield>
    <subfield code="p">Geotemas (Madr.)</subfield>
    <subfield code="t">Geotemas (Madrid)</subfield>
    <subfield code="x">1576-5172</subfield>
  </datafield>
  <datafield tag="856" ind1="4" ind2="1">
    <subfield code="u">https://dialnet.unirioja.es/servlet/articulo?codigo=7944651</subfield>
    <subfield code="z">Texto completo de la revista</subfield>
  </datafield>
  <datafield tag="856" ind1="4" ind2=" ">
    <subfield code="s">1067539</subfield>
    <subfield code="u">http://zaguan.unizar.es/record/127819/files/texto_completo.pdf</subfield>
    <subfield code="y">Versión publicada</subfield>
  </datafield>
  <datafield tag="856" ind1="4" ind2=" ">
    <subfield code="s">2736179</subfield>
    <subfield code="u">http://zaguan.unizar.es/record/127819/files/texto_completo.jpg?subformat=icon</subfield>
    <subfield code="x">icon</subfield>
    <subfield code="y">Versión publicada</subfield>
  </datafield>
  <datafield tag="909" ind1="C" ind2="O">
    <subfield code="o">oai:zaguan.unizar.es:127819</subfield>
    <subfield code="p">articulos</subfield>
    <subfield code="p">driver</subfield>
  </datafield>
  <datafield tag="951" ind1=" " ind2=" ">
    <subfield code="a">2023-10-06-12:39:12</subfield>
  </datafield>
  <datafield tag="980" ind1=" " ind2=" ">
    <subfield code="a">ARTICLE</subfield>
  </datafield>
</record>
</collection>